MARC

LEADER 00000nam0a2200000 4500
001 307320
005 20231102002001.0
035 |a (RuTPU)RU\TPU\book\332613 
090 |a 307320 
100 |a 20151019d1983 k y0rusy50 ca 
101 0 |a rus  |a eng 
102 |a UA 
105 |a a z 000zy 
200 1 |a Мирный атом Украины  |f О. Ф. Немец, А. П. Трофименко, Р. М. Белодед  |g Академия наук Украинской ССР (АН УССР) 
210 |a Киев  |c Наукова думка  |d 1983 
215 |a 41 с.  |c ил. 
606 1 |a Атомная энергия  |2 stltpush  |3 (RuTPU)RU\TPU\subj\29677  |9 52955 
610 1 |a атомная энергетика 
610 1 |a атомное ядро 
610 1 |a ядерные излучения 
610 1 |a применение 
610 1 |a промышленность 
610 1 |a радиоизотопы 
610 1 |a сельское хозяйство 
610 1 |a здравоохранение 
610 1 |a мирное использование 
675 |a 621.039  |v 4 
700 1 |a Немец  |b О. Ф.  |g Олег Федорович 
701 1 |a Трофименко  |b А. П.  |g Аркадий Павлович 
701 1 |a Белодед  |b Р. М.  |g Ростислав Митрофанович 
712 0 2 |a Академия наук Украинской ССР (АН УССР)  |c (1936-1991)  |2 stltpush  |3 (RuTPU)RU\TPU\col\332 
801 1 |a RU  |b 63413507  |c 20151019 
801 2 |a RU  |b 63413507  |c 20160707  |g RCR 
942 |c BK